|
|
|
|
| LEADER |
00950nam a22002057i 4500 |
| 005 |
20210117210224.0 |
| 008 |
161018s2003 gr ||||f |||| 000 0 gre d |
| 020 |
|
|
|a 9608757304
|
| 040 |
|
|
|a GR-PaULI
|b gre
|c GR-PaULI
|
| 041 |
0 |
|
|a gre
|
| 082 |
0 |
4 |
|2 23
|a 889.134
|
| 100 |
1 |
|
|a Αδαμίδης, Γιώργος Θ.
|d 1958-
|e συγγραφέας
|9 157651
|
| 245 |
1 |
0 |
|a Ρωγμές και στρόβιλοι :
|b ποιήματα /
|c Γιώργος Αθ. Αδαμίδης.
|
| 260 |
|
|
|a Αθήνα :
|b Αφρική και Αραβική Ανατολή,
|c 2003.
|
| 300 |
|
|
|a 53 σ. ;
|c 21 εκ.
|
| 700 |
1 |
|
|9 55378
|a Νιόλης, Γρηγόρης,
|d 1946-
|
| 942 |
|
|
|2 ddc
|c BKN
|
| 952 |
|
|
|0 0
|1 0
|2 ddc
|4 0
|6 889_134000000000000_ΑΔΑ
|7 1
|9 206621
|a LISP
|b LISP
|c DON
|d 2016-10-18
|e ΔΙΑ
|i 087775
|l 0
|o 889.134 ΑΔΑ
|p 025000151813
|r 2016-10-18 00:00:00
|t 1
|v 2016.00
|w 2016-10-18
|y BKN
|x Συλλογή Διακογιάννη
|
| 998 |
|
|
|c ΒΑΣΙΛΕΙΟΥ
|d 2016-10
|
| 999 |
|
|
|c 125609
|d 125609
|